MARC

LEADER 00000nam0a2200000 4500
001 248177
005 20231101232349.0
035 |a (RuTPU)RU\TPU\book\269883 
090 |a 248177 
100 |a 20140118d1987 k y0rusy50 ca 
101 0 |a rus 
102 |a RU 
105 |a a z 001zy 
200 1 |a Ресурсосберегающая технология поверхностного упрочнения деталей машин  |e сборник научных трудов  |f Московский автомобильно-дорожный институт (Государственный технический университет) (МАДИ-ГТУ) ; под ред. Ю. М. Лахтина 
210 |a Москва  |c Изд-во МАДИ  |d 1987 
215 |a 135 с.  |c ил. 
320 |a Библиогр. в конце ст. 
606 1 |a Упрочнение металлов   |2 stltpush  |3 (RuTPU)RU\TPU\subj\63112  |9 80153 
610 1 |a ресурсосберегающие технологии 
610 1 |a детали машин 
610 1 |a инструменты 
610 1 |a термическая обработка 
610 1 |a сталь 
610 1 |a экономическая эффективность 
610 1 |a химический состав 
610 1 |a коррозионностойкие материалы 
610 1 |a коррозионностойкие покрытия 
610 1 |a коррозионностойкие стали 
675 |a 621.787  |v 3 
702 1 |a Лахтин  |b Ю. М.  |4 340 
712 0 2 |a Московский автомобильно-дорожный институт (Государственный технический университет) (МАДИ-ГТУ)  |2 stltpush  |3 (RuTPU)RU\TPU\col\3181 
801 1 |a RU  |b 63413507  |c 20140118 
801 2 |a RU  |b 63413507  |c 20140122  |g RCR 
942 |c BK